000 00487nam a2200157Ia 4500
003 OSt
005 20200702141926.0
008 190216s9999||||xx |||||||||||||| ||und||
040 _coclc
082 _a947
_bSHA/U
100 _aSharma, R R
_93467
245 4 _aThe USSR In Transition : Issues And Themes (1922-82) /
_cR R Sharma
260 _bAtlantic Publications & Distributors,
_c1985.
_aNew Delhi:
300 _a309p
942 _cBK
_2ddc
_h947
_iSHA/U
_k947
_mSHA/U
999 _c20110
_d20110